| 000 | 01183cam a2200373 a 4500 | ||
|---|---|---|---|
| 001 | 72619 | ||
| 005 | 20230410121120.0 | ||
| 008 | 820119s1981 fr b 001 0 fre | ||
| 010 | _a 81150771 | ||
| 035 | _a(OCoLC)ocm07867364 | ||
| 040 |
_aDLC _cDLC _dMUQ _dCLU |
||
| 015 | _aF*** | ||
| 020 |
_a272460444X : _c97.00F |
||
| 020 | _a9782724604443 | ||
| 029 | 1 |
_aNLGGC _b821048481 |
|
| 029 | 1 |
_aAU@ _b000002048160 |
|
| 035 | _a(OCoLC)7867364 | ||
| 043 | _ae-cs--- | ||
| 050 | 1 | 4 |
_aJN2229.A5 _bR945h 1981 |
| 082 | 0 |
_a324.2437075 _219 |
|
| 100 | 1 | _aRupnik, Jacques. | |
| 245 | 1 | 0 |
_aHistoire du Parti communiste tchécoslovaque : _bdes origines á la prise du pouvoir / _cJacques Rupnik. |
| 260 |
_a[Paris] : _bFondation nationale des sciences politiques, _cc1981. |
||
| 300 |
_a288 p. ; _c23 cm. |
||
| 504 | _aBibliography: p. [265]-281. | ||
| 500 | _aIncludes index. | ||
| 610 | 2 | 0 |
_aKomunisticka strana éCeskoslovenska _xHistory. |
| 650 | 0 |
_aCommunism _zCzechoslovakia _xHistory. |
|
| 610 | 2 | 6 |
_aKomunisticka strana éCeskoslovenska _xHistoire. |
| 650 | 6 |
_aCommunisme _zTchécoslovaquie _xHistoire. |
|
| 942 |
_2lcc _cbk |
||
| 946 | _amfcruz | ||
| 994 |
_aC0 _bDRFGD |
||
| 999 |
_c58267 _d58267 |
||